| 000 | 01030nam a2200229Ii 4500 | ||
|---|---|---|---|
| 003 | JO-AjNU | ||
| 008 | 230605s9999||||xx |||||||||||||| ||und|| | ||
| 017 | _a2018/7/3231 | ||
| 020 | _a978- 9957- 642- 88- 4 | ||
| 040 |
_aJO-AjNU _bara _erda _cJO-AjNU |
||
| 041 | _aara | ||
| 050 | 1 | 4 | _aK564 2020 |
| 100 | 3 |
_aأبو شميس، سماهر عبد الكريم , _eauthor _959166 |
|
| 245 | 0 | 0 | _aالمسؤولية المدنية الإلكترونية القانون الواجب التطبيق: دراسة مقارنة |
| 250 | _aط1 | ||
| 264 | 3 | 1 | _aعمان: الدار العلمية الدولية للنشر والتوزيع؛ دار الثقافة للنشر والتوزيع، 2020 |
| 300 |
_a143ص _bيحتوي على مصادر ومراجع من ص137- 143 يحتوي على مجموعة من الرسائل الجامعية |
||
| 336 |
_atext _btxt _2rdacontent |
||
| 337 |
_aunmediated _bn _2rdamedia |
||
| 338 |
_avolume _bnc _2rdacarrier |
||
| 650 | 4 |
_aالعقود- الانترنت - القانون _959167 |
|
| 999 |
_aA26611 _c30179 _d30179 |
||